| 000 | 00000nam##2200000za#4500 |
| 001 | 9.662507 |
| 003 | CaOODSP |
| 005 | 20210615120607 |
| 007 | ta |
| 008 | 150407|2001||||xxc||||| f|0| 0 eng|d |
| 020 | |a0-662-65480-3 |
| 040 | |aCaOODSP|beng |
| 041 | |aeng |
| 041 | |afre |
| 043 | |an-cn--- |
| 086 | 1 |aCP32-74/2001 |
| 110 | 1 |aCanada.|bPrivy Council. |
| 245 | 14|aThe Canadian security and intelligence community : |bhelping keep Canada and Canadians safe and secure |
| 260 | |aOttawa - Ontario : |bPrivy Council |c2001. |
| 300 | |aEnglish text, ii, 24p. : |c24 cm. |
| 504 | |aBibliography. |
| 546 | |aBilingual |
| 563 | |aSoftcover |
| 590 | |a01-17|b2001-04-27 |
| 690 | 07|aSecurity intelligence|2gcpds |
| 690 | 07|aNational security|2gcpds |
| 776 | 0#|tLa collectivité canadienne de la sécurité et du renseignement |w(CaOODSP)9.639896 |
| 776 | 0#|tThe Canadian security and intelligence community |w(CaOODSP)9.695774 |
| 792 | |tLa collectivité canadienne de la sécurité et du renseignement : |efre|w(CaOODSP)9.662508 |